000 01389nam a22004217a 4500
001 BR7703413
003 BR-BrBNA
005 20230928085323.0
007 ta
008 230509b bl.||||| |||| 00| 0 por d
040 _aBR-BrBNA
_bpor
_cBiblioteca Nacional de Agricultura
041 _a(Por)
072 _aE70; E15
_b0430
_b0120
_b1410
_b/G514
090 _ 0430 BR7703413
100 1 _aAzevedo, R. de
110 1 _aUniversidade Federal do Ceara, Fortaleza (Brasil). Centro de Ciencias Agrarias. Depto. de Economia Agricola
111 1 _a15. Reuniao da Sociedade Brasileira de Economia Rural
_cVicosa, MG (Brazil)
_d18 Jul 1977
245 1 _aAnalise da comercializacao de algodao, milho e feijao dos agricultores de baixa renda do Municipio de Caninde-Ceara, 1972/75 [Gossypium spp.; Zea mays; Phaseolus vulgaris; Brasil]
260 3 _aFortaleza, CE (Brasil):
_c1977.
300 _a52 p.
500 _a23 tables; 7 graphs; 13 ref.
650 _aComercializacao
650 _aMicroeconomia
650 _aAlgodao
650 _aMilho
650 _aFeijao
650 _aEstatistica comercial
650 _aMercado atacadista
650 _aMercado varejista
650 _aPreco medio
650 _aPreco pago
650 _aAgricultor
650 _aBaixa renda
650 _aCaninde
650 _aCeara
909 _a202309
_bLucia
_c55
_dLucia Elande
942 _cBK
999 _c23832
_d23832